02724nam a2200229 i 4500003000900000005001700009007000300026008004100029020001800070040003000088041000800118082001900126100003900145245006500184264004700249300002800296336002700324337003300351338002800384500005800412520202400470DO-SdBNP20250915110718.0ta150603s2015 dr 000 f spa d a9789945408928 aDO-SdBNPbspacBNPHUerda aspa axxxxbG6332221 aGómez Cerda, Joséeautor4aut.10a¡Mirar siempre adelante! :bnovela /cJosé Goméz Cerda. 4aSanto Domingo :bEditorial Argos,c©2015. a150 páginas ;c22 cm. atextobtxt2rdacontent asin mediaciónbn2rdamedia avolumenbnc2rdacarrier aIncluye datos biográficos del autor en las solapas. aMirar siempre adelante» está escrita en el género del Realismo Crítico, un tránsito de lo explícito a lo implícito, de lo que se expresa claro en una cosa a lo que se entiende incluido en otra, sin expresarlo, se da cuando nuestras facultades cognoscitivas, lo que es capaz de conocer, capta lo real de un dato o principio de naturaleza, va hacia lo que es una reflexión. La novela refleja la realidad política, económica y social de la República Dominicana. Esta obra muestra una relación de personajes, su entorno político, económico y social, del cual son exponentes, como testimonios de una época. Analiza, reproduce y denuncia los males que aquejan a nuestra sociedad. ¡Mirar siempre adelante! trata sobre temas de actualidad como la política, el poder legislativo, la economía, la corrupción, la educación, la seguridad social, el sindicalismo y otros temas de la sociedad dominicana, narrada por personajes que exponen sus criterios. La obra refleja situaciones reales, con críticas, propuestas; principios y valores del humanismo integral. ¡Mirar siempre adelante! Es una obra que establece lineamientos humanistas para jóvenes que están en la política activa; es un análisis e interpretación de la realidad dominicana, que puede servir de ejemplo para una nueva forma y estilo de enfrentar los problemas, con soluciones eficaces. Los principales protagonistas son jóvenes, de formación superior, que se comprometen con la actividad política, con una nueva y moderna concepción que debe ser honesta, responsable, a favor de los más pobres. El espacio de la trama se desarrolla en la República Dominicana, refleja la actualidad de hoy y aquí. El realismo crítico equivale a juzgar, conforme a las exigencias del objeto que está sujeto a examen. Las razones de la crítica parten de una concepción consciente verificable. La percepción es esa sensación anterior que resulta de una impresión material hecha en nuestros sentidos.